Destacar o callar : (Record no. 192996)

MARC details
000 -LEADER
campo de control de longitud fija 01574nam a2200409 i 4500
001 - NÚMERO DE CONTROL
campo de control 192996
003 - IDENTIFICADOR DE NÚMERO DE CONTROL
campo de control ES-MaACL
005 - FECHA Y HORA DE LA ÚLTIMA TRANSACCIÓN
campo de control 20240526062943.0
007 - CAMPO FIJO DE DESCRIPCIÓN FÍSICA--INFORMACIÓN GENERAL
campo de control de longitud fija ta
008 - DATOS DE LONGITUD FIJA--INFORMACIÓN GENERAL
campo de control de longitud fija 230720b2023 sp ||||| |||| 00| 0 spa d
017 ## - NÚMERO DE COPYRIGHT O DE DEPÓSITO LEGAL
Número de copyright o de depósito legal B 8278-2023
Agencia que asigna Oficina Depósito Legal Barcelona
020 ## - NÚMERO INTERNACIONAL ESTÁNDAR DEL LIBRO
Número Internacional Estándar del Libro 9788419655325
040 ## - FUENTE DE CATALOGACIÓN
Lengua de catalogación spa
Centro/agencia transcriptor ES-MaACL
080 ## - NÚMERO DE LA CLASIFICACIÓN DECIMAL UNIVERSAL
Número de la Clasificación Decimal Universal 305-055.2-056.45
080 ## - NÚMERO DE LA CLASIFICACIÓN DECIMAL UNIVERSAL
Número de la Clasificación Decimal Universal 316.647.82:316.346.2
100 ## - ENTRADA PRINCIPAL--NOMBRE DE PERSONA
9 (RLIN) 233767
Nombre de persona Sanz Chacón, Carmen
Término indicativo de función/relación Autor
245 10 - MENCIÓN DEL TÍTULO
Título Destacar o callar :
Resto del título niñas y mujeres con altas capacidades /
Mención de responsabilidad, etc. Carmen Sanz Chacón ; prólogo de Carmen Guaita y Pilar Gómez-Acebo
246 0# - FORMA VARIANTE DEL TITULO
Texto de visualización Subtítulo de cubierta:
Título propio/Titulo breve Cómo se ha subestimado la inteligencia de las mujeres y por qué es necesario poner en valor a las chicas de altas capacidades
250 ## - MENCION DE EDICION
Mención de edición Primera edición en esta colección: mayo de 2023
264 #1 - PRODUCCIÓN, PUBLICACIÓN, DISTRIBUCIÓN, FABRICACIÓN Y COPYRIGHT
Producción, publicación, distribución, fabricación y copyright Barcelona :
Nombre del de productor, editor, distribuidor, fabricante Plataforma Editorial,
Fecha de producción, publicación, distribución, fabricación o copyright 2023
300 ## - DESCRIPCIÓN FÍSICA
Extensión 223 páginas ;
Dimensiones 22 cm
336 ## - TIPO DE CONTENIDO
Fuente rdacontent
Término de tipo de contenido Texto
337 ## - TIPO DE MEDIO
Fuente rdamedia
Nombre/término del tipo de medio sin mediación
338 ## - TIPO DE SOPORTE
Fuente rdacarrier
Nombre/término del tipo de soporte volumen
490 1# - MENCIÓN DE SERIE
Mención de serie Plataforma actual
500 ## - NOTA GENERAL
Nota general Índice
504 ## - NOTA DE BIBLIOGRAFÍA, ETC.
Nota de bibliografía, etc. Bibliografía: páginas 215-223
650 #7 - PUNTO DE ACCESO ADICIONAL DE MATERIA--TÉRMINO DE MATERIA
Término de materia o nombre geográfico como elemento de entrada Personas superdotadas
Fuente del encabezamiento o término embne
9 (RLIN) 233768
650 #4 - PUNTO DE ACCESO ADICIONAL DE MATERIA--TÉRMINO DE MATERIA
9 (RLIN) 11937
Término de materia o nombre geográfico como elemento de entrada Discriminación sexual
700 1# - ENTRADA AGREGADA--NOMBRE PERSONAL
Nombre de persona Guaita, Carmen
9 (RLIN) 233769
Término indicativo de función/relación Autor de introducción
700 1# - ENTRADA AGREGADA--NOMBRE PERSONAL
Nombre de persona Gómez-Acebo, Pilar
9 (RLIN) 233770
Término indicativo de función/relación Autor de introducción
830 ## - PUNTO DE ACCESO ADICIONAL DE SERIE-TÍTULO UNIFORME
9 (RLIN) 192007
Título uniforme Plataforma actual
852 ## - LOCALIZACIÓN
Ubicación ES-MaACL
Sublocalización o colección R.154413
Ubicación en estantería Depósito J
Donativo/Legado Donación: Editorial
Número de control de estantería N-8502
itemnumber 200300
942 ## - ELEMENTOS DE ENTRADA SECUNDARIOS (KOHA)
Suprimir en OPAC No
Tipo de ítem Koha Libro impreso
Holdings
Estatus retirado Estado de pérdida Fuente del sistema de clasificación o colocación Estado de daño No para préstamo Biblioteca de origen Biblioteca actual Ubicación en estantería Fecha de adquisición Fuente de adquisición Número de control de estantería Total de préstamos Signatura topográfica completa Código de barras Visto por última vez Tipo de ítem Koha
    Clasificación decimal universal     Biblioteca del Ateneo de Madrid Biblioteca del Ateneo de Madrid Depósito J 01/06/2023 Donación Ateneísta   N-8502 101205593 20/07/2023 Libro impreso